Württembergisch-Franken / 89
| Format: | Print Book |
|---|---|
| Language: | German Undetermined language |
| Subito Delivery Service: | Order now. |
| Check availability: | HBZ Gateway |
| Interlibrary Loan: | Interlibrary Loan for the Fachinformationsdienste (Specialized Information Services in Germany) |
| Published: |
2005
|
| In: |
Württembergisch-Franken Jahrbuch
Year: 2005 |
| Standardized Subjects / Keyword chains: | B
Hohenlohe-Schillingsfürst, Georg Friedrich 1595-1635
/ Hohenlohe, Wolfgang von 1546-1610
/ Schäftersheim
/ Schönhuth, Ottmar Friedrich Heinrich 1806-1864
/ Mörike, Eduard 1804-1875
B Mörike, Eduard 1804-1875 / Schönhuth, Ottmar 1872-1962 / Weikersheim |
| Sammlungen: |
MARC
| LEADER | 00000cam a2200000 cc4500 | ||
|---|---|---|---|
| 001 | 132011881X | ||
| 003 | DE-627 | ||
| 005 | 20251228185402.0 | ||
| 007 | tu | ||
| 008 | 060104s2005 xx ||||| 00| ||ger c | ||
| 035 | |a (DE-627)132011881X | ||
| 035 | |a (DE-576)250118815 | ||
| 035 | |a (DE-599)BSZ250118815 | ||
| 040 | |a DE-627 |b ger |c DE-627 |e rakwb | ||
| 041 | |a ger |a und | ||
| 084 | |a 1 |2 ssgn | ||
| 245 | 0 | 0 | |a Württembergisch-Franken |n 89 |
| 264 | 1 | |c 2005 | |
| 336 | |a Text |b txt |2 rdacontent | ||
| 337 | |a ohne Hilfsmittel zu benutzen |b n |2 rdamedia | ||
| 338 | |a Band |b nc |2 rdacarrier | ||
| 689 | 0 | 0 | |d p |0 (DE-588)116955368 |0 (DE-627)693282592 |0 (DE-576)290986559 |2 gnd |a Hohenlohe-Schillingsfürst, Georg Friedrich |d 1595-1635 |
| 689 | 0 | 1 | |d p |0 (DE-588)119046415 |0 (DE-627)079836216 |0 (DE-576)210833769 |2 gnd |a Hohenlohe, Wolfgang von |d 1546-1610 |
| 689 | 0 | 2 | |d g |0 (DE-588)4118468-3 |0 (DE-627)105791210 |0 (DE-576)209518634 |2 gnd |a Schäftersheim |
| 689 | 0 | 3 | |d p |0 (DE-588)116868546 |0 (DE-627)133873722 |0 (DE-576)162959958 |2 gnd |a Schönhuth, Ottmar Friedrich Heinrich |d 1806-1864 |
| 689 | 0 | 4 | |d p |0 (DE-588)118583107 |0 (DE-627)133447146 |0 (DE-576)162265492 |2 gnd |a Mörike, Eduard |d 1804-1875 |
| 689 | 0 | |5 (DE-627) | |
| 689 | 1 | 0 | |d p |0 (DE-588)118583107 |0 (DE-627)133447146 |0 (DE-576)162265492 |2 gnd |a Mörike, Eduard |d 1804-1875 |
| 689 | 1 | 1 | |d p |0 (DE-588)127933077 |0 (DE-627)695719416 |0 (DE-576)296764973 |2 gnd |a Schönhuth, Ottmar |d 1872-1962 |
| 689 | 1 | 2 | |d g |0 (DE-588)4065083-2 |0 (DE-627)106120808 |0 (DE-576)209156651 |2 gnd |a Weikersheim |
| 689 | 1 | |5 (DE-627) | |
| 773 | 1 | 8 | |a Württembergisch-Franken Jahrbuch |w (DE-627)129459879 |w (DE-576)014823772 |w (DE-600)200437-9 |x 0084-3067 |g 89 |q 2005,89 |7 nnas |
| 889 | |w (DE-576)250180693 | ||
| 889 | |w (DE-576)9505335954 | ||
| 889 | |w (DE-627)1825548218 | ||
| 889 | |w (DE-627)505335956 | ||
| 889 | |w (DE-627)1320180698 | ||
| 889 | |w (DE-627)1866971409 | ||
| 935 | |a RFBW |a mteo | ||
| 935 | |i mdedup | ||
| 935 | |i mdedup | ||
| 951 | |a JV | ||
| ELC | |b 1 | ||
| LOK | |0 000 xxxxxcx a22 zn 4500 | ||
| LOK | |0 001 4510605315 | ||
| LOK | |0 003 DE-627 | ||
| LOK | |0 004 132011881X | ||
| LOK | |0 005 20251128204421 | ||
| LOK | |0 008 240411||||||||||||||||ger||||||| | ||
| LOK | |0 040 |a DE-Tue135 |c DE-627 |d DE-Tue135 | ||
| LOK | |0 092 |o n | ||
| LOK | |0 852 |a DE-Tue135 | ||
| LOK | |0 852 1 |9 00 | ||
| LOK | |0 866 |x SPQUE#Reformationsgeschichtliche Forschungsbibliothek Wittenberg#SPSAM#Lutherhaus#SPUSM#Arbeitsbibliothek Martin Brecht | ||
| LOK | |0 935 |a RFBW |a lglu |a lgmb | ||
| LOK | |0 939 |a 11-04-24 |b l01 | ||
| ORI | |a SA-MARC-ixtheoa001.raw | ||
| SYG | 0 | 0 | |a Hohenlohe, Georg Friedrich der Jüngere von,1595-1635,Hohenlohe-Schillingsfürst, Georg Friedrich von,1595-1635,Hohenlohe-Waldenburg-Schillingsfürst, Georg Friedrich II. von,1595-1635 , Hohenlohe, Wolffgang von,1546-1610,Wolfgang,Hohenlohe-Neuenstein, Graf,1546-1610,Hohenlohe-Neuenstein, Wolfgang von,1546-1610,Wolfgang,von Hohenlohe,1546-1610,Wolfgang,II.,Hohenlohe, Graf,1546-1610,Hohenlohe-Weikersheim, Wolfgang von,1546-1610,Wolfgang,II,Graf von Hohenlohe,1546-1610,Wolfgang,II,Graf von Hohenlohe,1546-1610,Wolfgang,II,Graf von Hohenlohe,1546-1610,Hohenlohe, Wolfgang von,Graf,1546-1610,Hohenlohe, Wolfgang von,Comte,1546-1610,Hohenlohe, Wolfgang von,Count,1546-1610 , Weikersheim-Schäftersheim,Schäftersheim , Heimlieb, Ottmar,1806-1864,Schönhuth, Ottmar,1806-1864,Schoenhuth, Ottmar Friedrich Heinrich,1806-1864,Schönhuth, Ottmar F. H.,1806-1864,Schönhuth, Otmar F. H.,1806-1864,Schönhut, Ottmar F.,1806-1864,Schönhuth, Ottmar F.,1806-1864,Ottmar, F. H.,1806-1864,Schönhuth, O. F. W.,1806-1864,Schönhuth, F. H. O.,1806-1864,Schönhuth, O. F. H.,1806-1864 , Mörike, Eduard Friedrich Phillip,1804-1875,Mörike, Eduard Friedrich,1804-1875,Mörike, Edouard,1804-1875,Mörike, Ed.,1804-1875,Mörike, E.,1804-1875,Mörike, Friedrich,1804-1875,Mörike,1804-1875,Mórike, Eduard,1804-1875,Moerike, Eduard,1804-1875,Moerike, Édouard,1804-1875,Moerike,1804-1875,Möricke, Eduard,1804-1875,Möricke,1804-1875,Moericke, Eduard,1804-1875,Merike, Eduard,1804-1875,Merike, Eduards,1804-1875,Mêrike, Ēduaruto,1804-1875,Mêrike,1804-1875,Mërike, Ėduard,1804-1875,Mërike, Ėduard Fridrich,1804-1875,Molike, Aidehua,1804-1875,Moricke, Eduardo,1804-1875,Molike, Aidehua,1804-1875,Mørike, Edward,1804-1875,Ai de hua Mo li ke,1804-1875,Aidehua-Molike,1804-1875,Wispel, Liebmund Maria,1804-1875 , Mörike, Eduard Friedrich Phillip,1804-1875,Mörike, Eduard Friedrich,1804-1875,Mörike, Edouard,1804-1875,Mörike, Ed.,1804-1875,Mörike, E.,1804-1875,Mörike, Friedrich,1804-1875,Mörike,1804-1875,Mórike, Eduard,1804-1875,Moerike, Eduard,1804-1875,Moerike, Édouard,1804-1875,Moerike,1804-1875,Möricke, Eduard,1804-1875,Möricke,1804-1875,Moericke, Eduard,1804-1875,Merike, Eduard,1804-1875,Merike, Eduards,1804-1875,Mêrike, Ēduaruto,1804-1875,Mêrike,1804-1875,Mërike, Ėduard,1804-1875,Mërike, Ėduard Fridrich,1804-1875,Molike, Aidehua,1804-1875,Moricke, Eduardo,1804-1875,Molike, Aidehua,1804-1875,Mørike, Edward,1804-1875,Ai de hua Mo li ke,1804-1875,Aidehua-Molike,1804-1875,Wispel, Liebmund Maria,1804-1875 , Schönhuth, Ottmar Michael Karl Rudolf Ludwig Eduard Edmund,1872-1962 , Weickersheim |